| 000 | 01560nam0a2200349 i 4500 | ||
|---|---|---|---|
| 001 | RU\NLR\bibl\2067097 | ||
| 005 | 20260408205359.0 | ||
| 010 |
_a9780615670904 _9500 |
||
| 021 |
_aRU _b2013-59751 _94106 |
||
| 035 | _a(NLR Aleph) 002053547 | ||
| 090 |
_a4652994 _c4652994 |
||
| 100 | _a20130829d2012 k y0rusy50 ca | ||
| 101 | 0 | _arus | |
| 102 | _aRU | ||
| 105 | _ay ||||||||| | ||
| 200 | 1 |
_aИндивидуальность подростков в рамках системного исследования с позиций пола и gender _eмонография _fЛ.В. Мищенко |
|
| 210 |
_aSaint Louis _cPublishig House "Science & innovation center" _d2012 |
||
| 215 |
_a315 с. _d21 |
||
| 300 | _aНа 4-й с. обл. авт.: Мищенко Л.В., к.психол.н., проф. | ||
| 320 | _aБиблиогр.: с. 267-308 (341 назв.) и в подстроч. прим. | ||
| 606 | 1 |
_aПодростки _xСоциально-психологические исследования _92137970 _3RU\NLR\auth\661288962 |
|
| 606 |
_aПодростки _xГендерные исследования _92145900 _3RU\NLR\auth\661597494 |
||
| 606 |
_aПодростки _xОбучение _xГендерный аспект _3RU\NLR\auth\661603443 _92157576 |
||
| 686 | 1 | _aЧ421.332 | |
| 686 | 1 | _aЮ983.402.2 | |
| 686 | 1 | _aЮ983.73 | |
| 700 | 1 |
_aМищенко _bЛ. В. _gЛюбовь Владимировна _4070 |
|
| 801 | 0 |
_aRU _bNLR _c20130829 _gRCR |
|
| 801 | 1 |
_aRU _bNLR _c20130829 |
|
| 942 | _cBOOK | ||
| 980 | _aNBR | ||